[Event "IECG CP.2002.P.00109 email"]
[Site "IECG email"]
[Date "2002.10.01"]
[Round "?"]
[White "Brobston, Andrew"]
[Black "Balcazar Novoa, Luis Marcos"]
[Result "0-1"]
[WhiteElo "1356"]
[BlackElo "2132"]
[PlyCount "32"]
[EventDate "2002.10.01"]
[EventType "tourn (corr)"]
[EventRounds "6"]
[EventCountry "GER"]
[SourceTitle "Corr 2008"]
[Source "ChessBase"]
[SourceDate "2008.06.24"]
[SourceVersion "1"]
[SourceVersionDate "2008.06.24"]
[SourceQuality "1"]

1. c4 e5 2. Nc3 Nc6 3. Nf3 f5 4. d4 e4 5. Ne5 Nf6 6. Bf4 d6 7. Nxc6 bxc6 8. e3 Rb8 9. Qc2 g6 10. Be2 Bg7 11. 0-0 0-0 12. Rad1 Nd7 13. f3 exf3 14. Bxf3 c5 15. Nb5 g5 16. Bg3 f4 0-1

[Event "IECG CP.2002.P.00109 email"]
[Site "IECG email"]
[Date "2002.10.01"]
[Round "?"]
[White "Brobston, Andrew"]
[Black "Schwarz, Frank"]
[Result "0-1"]
[WhiteElo "1356"]
[BlackElo "2146"]
[PlyCount "44"]
[EventDate "2002.10.01"]
[EventType "tourn (corr)"]
[EventRounds "6"]
[EventCountry "GER"]
[SourceTitle "Corr 2008"]
[Source "ChessBase"]
[SourceDate "2008.06.24"]
[SourceVersion "1"]
[SourceVersionDate "2008.06.24"]
[SourceQuality "1"]

1. c4 Nf6 2. Nc3 d6 3. d4 g6 4. e4 Bg7 5. Nf3 0-0 6. Be2 Nbd7 7. 0-0 e5 8. Be3 Ng4 9. Bg5 f6 10. Bc1 Nh6 11. Qc2 c6 12. Rd1 Nf7 13. b4 Qe7 14. b5 f5 15. exf5 gxf5 16. bxc6 bxc6 17. Rb1 e4 18. Ne1 Nf6 19. Qa4 Bb7 20. Bf4 Bh6 21. Bxh6 Nxh6 22. Rb3 Rfd8 0-1

[Event "IECG CP.2001.P.00082"]
[Site "IECG email"]
[Date "2001.10.01"]
[Round "?"]
[White "Brobston, Andrew"]
[Black "Sanmartino, Gianluca"]
[Result "0-1"]
[WhiteElo "1000"]
[BlackElo "1655"]
[PlyCount "96"]
[EventDate "2001.10.01"]
[EventType "tourn (corr)"]
[EventRounds "6"]
[SourceTitle "Corr 2008"]
[Source "ChessBase"]
[SourceDate "2008.06.24"]
[SourceVersion "1"]
[SourceVersionDate "2008.06.24"]
[SourceQuality "1"]

1. c4 e5 2. Nc3 Nf6 3. Nf3 Nc6 4. g3 Bc5 5. Bg2 d6 6. 0-0 0-0 7. d3 h6 8. a3 a6 9. b4 Ba7 10. Bb2 Be6 11. h3 Qd7 12. Kh2 Rab8 13. e3 b5 14. cxb5 axb5 15. Qd2 Ne7 16. a4 bxa4 17. Rxa4 Bb6 18. Rfa1 c6 19. d4 e4 20. Ne1 d5 21. R4a2 Bc7 22. Na4 Nf5 23. Nc5 Qd6 24. Kg1 Nxg3 25. fxg3 Qxg3 26. Na6 Bxh3 27. Qf2 Qh2+ 28. Kf1 Ng4 29. Qg1 Qg3 30. Bc1 Nh2+ 31. Ke2 Bg4+ 32. Kd2 Nf3+ 33. Nxf3 exf3 34. Nxc7 Rb7 35. Ba3 fxg2 36. Na6 Re8 37. Re1 Ra8 38. Nc5 Rxb4 39. Raa1 Rb5 40. Nd3 Rba5 41. Bb2 Rxa1 42. Rxa1 Rxa1 43. Bxa1 Qf3 44. Nf4 Qf1 45. Qxg2 Qd1+ 46. Kc3 Qxa1+ 47. Qb2 Qxb2+ 48. Kxb2 g5 0-1

[Event "IECG CP.2001.P.00082"]
[Site "IECG email"]
[Date "2001.10.01"]
[Round "?"]
[White "Petters, Paul"]
[Black "Brobston, Andrew"]
[Result "1-0"]
[WhiteElo "1347"]
[BlackElo "1000"]
[PlyCount "59"]
[EventDate "2001.10.01"]
[EventType "tourn (corr)"]
[EventRounds "6"]
[SourceTitle "Corr 2008"]
[Source "ChessBase"]
[SourceDate "2008.06.24"]
[SourceVersion "1"]
[SourceVersionDate "2008.06.24"]
[SourceQuality "1"]

1. d4 d5 2. c4 c6 3. Nf3 Nf6 4. Nc3 a6 5. e3 b5 6. b3 Bg4 7. h3 Bxf3 8. Qxf3 e5 9. dxe5 Bb4 10. Bd2 Bxc3 11. Bxc3 Ne4 12. Bb4 bxc4 13. bxc4 Qb6 14. a3 a5 15. e6 f6 16. cxd5 axb4 17. Qxe4 Rxa3 18. Rd1 cxd5 19. Qxd5 Ra5 20. Qb3 Qc5 21. Bc4 Qe7 22. Qd3 Rc5 23. Bb3 Qc7 24. 0-0 Ke7 25. Qe4 Rb5 26. Rd2 Qb7 27. Qd4 Qb6 28. Qh4 Re5 29. Rd4 h5 30. Rxb4 1-0

[Event "IECG QF.2001.0.00007"]
[Site "IECG email"]
[Date "2001.09.06"]
[Round "?"]
[White "Brobston, Andrew"]
[Black "Vasquez, Fernando Jose Pinto"]
[Result "1-0"]
[WhiteElo "1000"]
[BlackElo "1000"]
[PlyCount "57"]
[EventDate "2001.09.06"]
[EventType "tourn (corr)"]
[EventRounds "6"]
[SourceTitle "Corr 2008"]
[Source "ChessBase"]
[SourceDate "2008.06.24"]
[SourceVersion "1"]
[SourceVersionDate "2008.06.24"]
[SourceQuality "1"]

1. e4 d5 2. exd5 Qxd5 3. Nc3 Qa5 4. d4 Nf6 5. Nf3 c6 6. Bc4 Bf5 7. Bd2 e6 8. Qe2 Bb4 9. 0-0-0 Nd5 10. Nxd5 Bxd2+ 11. Nxd2 cxd5 12. Nb3 Qxa2 13. Bxd5 Nc6 14. Bxc6+ bxc6 15. g4 Bg6 16. f4 0-0 17. h4 Rab8 18. f5 exf5 19. h5 Rfe8 20. Qc4 fxg4 21. hxg6 hxg6 22. Rhf1 Re6 23. d5 cxd5 24. Qc7 Rxb3 25. Qxf7+ Kh7 26. Rh1+ Rh3 27. Qxe6 Qa1+ 28. Kd2 Rxh1 29. Rxa1 1-0

[Event "IECG QF.2001.0.00007"]
[Site "IECG email"]
[Date "2001.09.06"]
[Round "?"]
[White "Vasquez, Fernando Jose Pinto"]
[Black "Brobston, Andrew"]
[Result "1/2-1/2"]
[WhiteElo "1000"]
[BlackElo "1000"]
[PlyCount "48"]
[EventDate "2001.09.06"]
[EventType "tourn (corr)"]
[EventRounds "6"]
[SourceTitle "Corr 2008"]
[Source "ChessBase"]
[SourceDate "2008.06.24"]
[SourceVersion "1"]
[SourceVersionDate "2008.06.24"]
[SourceQuality "1"]

1. e4 c5 2. Nf3 d6 3. d4 cxd4 4. Qxd4 Nc6 5. Bb5 Bd7 6. Qd3 Nf6 7. Nc3 a6 8. Bxc6 Bxc6 9. Nd4 g6 10. Nxc6 bxc6 11. 0-0 Bg7 12. Qc4 Qd7 13. Rd1 0-0 14. Bg5 Ng4 15. Bf4 Ne5 16. Bxe5 Bxe5 17. Rd3 e6 18. Re1 Qc7 19. h3 Rab8 20. b3 Qa5 21. Rde3 Rfc8 22. Qd3 c5 23. Na4 c4 24. Qd1 Qb4 1/2-1/2